Principles of optics: electromagnetic theory of propagation, interference and diffraction of light
Gardado en:
| Main Authors: | , |
|---|---|
| Formato: | Libro |
| Idioma: | inglés |
| Publicado: |
Cambridge
Cambridge University
1999
|
| Edición: | 7a. ed |
| Subjects: | |
| Tags: |
Engadir etiqueta
Sen Etiquetas, Sexa o primeiro en etiquetar este rexistro!
|
MARC
| LEADER | 00000nam a2200000 a 4500 | ||
|---|---|---|---|
| 001 | UCL8004 | ||
| 003 | CL-VaPUC | ||
| 008 | 040611e19990000uk |||||||||||||||||eng|d | ||
| 020 | |a 0521642221 | ||
| 082 | 0 | 4 | |a 535 |b BOR |2 21 |
| 100 | 0 | |a Born, Max |e author |9 485907 | |
| 700 | 0 | |a Wolf, Emil |e author |9 485908 | |
| 245 | 1 | 0 | |a Principles of optics: electromagnetic theory of propagation, interference and diffraction of light |
| 250 | |a 7a. ed | ||
| 300 | |a 952 p | ||
| 942 | |c BK | ||
| 945 | |d 20040611 00:00:00 |a cmena | ||
| 260 | |a Cambridge |b Cambridge University |c 1999 | ||
| 650 | 0 | |a Optica |9 263171 | |
| 650 | 7 | |a CAMPOS ELECTROMAGNETICOS |2 CL-VaPUC |9 264139 | |
| 650 | 7 | |a DIFRACCION |2 CL-VaPUC |9 354948 | |
| 583 | |a last modification |c 20130806 04:29:24 |k Rodrigo Vera | ||
| 999 | |c 309490 |d 309488 | ||
| 952 | |0 0 |1 0 |4 0 |6 535_000000000000000_BOR_1999 |7 0 |8 A |9 376953 |a BIBCUR |b BIBCUR |d 2019-11-21 |i 4025709 |o 535 BOR 1999 |p 4025709 |r 2025-04-22 |w 2019-11-21 |y BK |k FIS | ||